00643nam a22001937a 450000500170000001000150001702000270003203500130005903700130007208200140008510000210009924501520012025000110027226000430028327000600032630000260038650000190041270000180043120150721150722.0 aENG-113192 a9789350350867c1395.00 aEN-96724 bDBAD/PUB a346.54066 aRyder, Rodney D. aDrafting corporate and commercial agreements :cby Rodney D. Ryder ; assisted by V. Durga Rao blegal drafting guidelines, forms and precedents /  a2nd ed aDelhibUniversal Law Publishing c2011 aA-58, G.T. Karnal Road Industrial Area, bDelhie110033 alxxv,1694p.c25cm(Hb) aIncludes index aDurga Rao, V.